Kemin kaupunginosat ja osa-alueet - Statistics

Yleistilastot
  • Tätä visaa on pelattu 106 kertaa
  • Keskiarvotulos 39 / 65
Vastaustilastot
Vastaus % Oikein
KARIHAARA
89%
Karihaara
89%
HEPOLA
86%
Hepola
86%
KIVIKKO
84%
Kivikko
84%
SAUVOSAARI
84%
Sauvosaari
84%
SYVÄKANGAS
84%
Syväkangas
84%
TAKAJÄRVI
82%
Takajärvi
82%
AJOS
80%
Ajos
80%
PAATTIO
80%
Paattio
80%
RYTIKARI
80%
Rytikari
80%
NAUSKA
79%
Nauska
79%
KOIVUHARJU
77%
Koivuharju
77%
PEURASAARI
75%
Peurasaari
75%
Ristikangas
71%
Mäntylä
70%
Junko
68%
Sotisaari
68%
TERVAHARJU
68%
Tervaharju
68%
RITIKKA
64%
Ritikka
64%
Marttala
61%
Vainio
61%
KARJALAHTI
59%
Karjalahti
59%
Veitsiluoto
59%
Kivikangas
55%
Haukkari
54%
Ruutti
54%
Lautiosaari
52%
Paavonkari
52%
Satama
52%
Järppi
50%
Nälli
50%
Torvinen
48%
Kittilänjärvi
45%
Kulmankylä
45%
Siikakangas
43%
Lentokenttä
36%
Asema
34%
Kalkkinokka
34%
Meripuisto
34%
Pajula
32%
Rova
30%
Väinölä
30%
Korostennokka
29%
Kuivanuoro
29%
Laitakari
29%
Metsä-Botnia
29%
Perta-aapa
29%
Pajarinranta
25%
Satamakangas
23%
Siikalahti
23%
Ruonankangas
21%
Ehtoja vastaavia visoja ei löytynyt
Tulosjakauma
Jokaisen tuloksen saaneiden osuus
Persentiili vastausten määrän mukaan
Tuloshistoriasi
Et ole pelannut tätä visaa